| 000 | 00878nam a2200253Ia 4500 | ||
|---|---|---|---|
| 003 | OSt | ||
| 005 | 20220923212206.0 | ||
| 006 | a|||||r|||| 00| 0 | ||
| 007 | ta | ||
| 008 | 220922b |||||||| |||| 00| 0 hin d | ||
| 024 | _a151,579 | ||
| 037 | _cTextual | ||
| 040 |
_aARTS _cARTS _bhin |
||
| 041 |
_2hin _ahin |
||
| 082 | _aO111,IM72,I, 152K2 | ||
| 100 |
_aअरविंन्द _9156277 |
||
| 245 | 0 |
_aसावित्री _b एक आख्यान और एक प्रतीक (महाकाव्य) |
|
| 246 | _aSāvitrī: ek ākhyān aur ek pratīk (hinākāvya) | ||
| 250 | _aसंस्क 2 | ||
| 260 |
_aपाडिचेरी _b श्री अरविन्द आश्रम _c1982 |
||
| 300 |
_a710 पृ. _ccm. |
||
| 942 |
_hO111,IM72,I, 152K2 _cTEXL _2CC |
||
| 999 |
_c307252 _d307252 |
||